[Event "2nd Bundesliga West 2005-6"]
[Site "Austria AUT"]
[Date "2006.03.18"]
[Round "10"]
[White "Herbrechtsmeier,C"]
[Black "Pilz,D"]
[Result "1/2-1/2"]
[WhiteElo "2287"]
[BlackElo "2333"]

1.e4 c5 2.Nf3 Nc6 3.Nc3 d6 4.d4 cxd4 5.Nxd4 e5 6.Nf3 h6 7.Bc4 Nf6 8.h3 Be7
9.Be3 Be6 10.Bb3 O-O 11.O-O Na5 12.Qe2 Qc7 13.Nd2  1/2-1/2

[Event "Trophee Universitaire"]
[Site "La Roche-sur-Yon FRA"]
[Date "2006.03.19"]
[Round "5"]
[White "Rodriguez Guerrero,E"]
[Black "Maze,S"]
[Result "0-1"]
[WhiteElo "2464"]
[BlackElo "2518"]

1.e4 c5 2.Nf3 Nc6 3.Nc3 e5 4.Bc4 Be7 5.d3 Nf6 6.Ng5 O-O 7.f4 d5 8.Nxd5 Nxd5
9.Bxd5 exf4 10.Nxf7 Rxf7 11.O-O Bf6 12.Bxf4 Qe7 13.Bxf7+ Qxf7 14.Bg5 Bd4+
15.Kh1 Qe6 16.c3 Be5 17.Be3 Bd6 18.Qc2 Bd7 19.Bf4 Re8 20.Bxd6 Qxd6 21.Qb3+ Be6
22.Qxb7 Ne5 23.h3 Nxd3 24.Qxa7 h6 25.Rf3 Nxb2 26.a4 Nc4 27.a5 Ne5 28.Rf2 Qc6
29.Raf1 Nd7 30.a6 Ra8 31.Qb7 Rxa6 32.Qb1 Ra4 33.Re1 Qa8 34.Rb2 Ra3 35.Qd3 Qa6
36.Qg3 Ra1 37.Rbb1 Rxb1 38.Rxb1 Kh7 39.Re1 Qc4 40.Kh2 Nf6 41.Qe5 Bf7 42.Re3 Bg6
43.Rg3 Bxe4 44.Qe7 Bg6 45.Rf3 Nd5 46.Qd8 Be4 47.Rf8 Nf6 48.Qc7 Qxc3 49.Rc8 Qc2
50.Qg3 Nd5 51.Rd8 Ne3 52.Kg1 Qc1+ 53.Kf2 Nxg2  0-1

[Event "Open"]
[Site "Bad Woerishofen GER"]
[Date "2006.03.20"]
[Round "4"]
[White "Dubkov,A"]
[Black "Rau,H"]
[Result "1/2-1/2"]
[WhiteElo "2300"]
[BlackElo "2425"]

1.e4 c5 2.Nc3 Nc6 3.Bb5 g6 4.Bxc6 dxc6 5.d3 Nf6 6.h3 Bg7 7.Be3 Nd7 8.Qd2 h6
9.f4 b6 10.Nf3 Qc7 11.O-O-O Bb7 12.f5 Ne5 13.fxg6 Nxg6 14.Ne2 O-O-O 15.Qe1 Kb8
16.Bd2 Bc8 17.Bc3 Bxc3 18.Qxc3 Rhg8 19.g3 f6 20.b3 h5 21.Qd2 Ne5 22.Nxe5 Qxe5
23.Kb1 Kb7 24.Qe1 a5 25.a4 Ka6 26.Qf2 b5 27.axb5+ cxb5 28.Qf4 b4 29.Qxe5 fxe5
30.Rdf1 Rdf8 31.Rxf8 Rxf8 32.Kc1 Kb5 33.Kd2 Rf3 34.g4 hxg4 35.hxg4 Bxg4 36.Rh4 Be6
37.Rh7 Rf7 38.Rh8 Bg4 39.Rg8 Bd7 40.Rg5 Rf2 41.Ke3 Rh2 42.Rxe5 Bg4 43.c4+ Kc6
44.Nf4 Bd1 45.d4 cxd4+ 46.Kxd4 Rd2+ 47.Ke3 Ra2 48.Rxe7 Bxb3 49.Kd3 Bc2+ 50.Kd4 Ra1
51.Nd5 Bxe4 52.Rc7+ Kd6 53.c5+ Ke6 54.Re7+ Kf5 55.Re5+ Kg6 56.Rxe4 Rd1+ 57.Kc4 Rc1+
58.Kb5 b3 59.Re2 a4 60.Kb4 a3 61.Kxb3 Rxc5 62.Nf4+ Kf5 63.Nd3  1/2-1/2

[Event "Open"]
[Site "Bad Woerishofen GER"]
[Date "2006.03.20"]
[Round "4"]
[White "Zaragatski,I"]
[Black "Ikonnikov,Vy"]
[Result "0-1"]
[WhiteElo "2400"]
[BlackElo "2580"]

1.e4 c5 2.Nc3 Nc6 3.Nge2 Nd4 4.Nxd4 cxd4 5.Ne2 e5 6.c3 dxc3 7.Nxc3 Bc5 8.Bc4 Ne7
9.O-O O-O 10.d3 d6 11.Be3 Ng6 12.Nd5 Be6 13.b4 Bxe3 14.fxe3 Rc8 15.Rc1 Ne7
16.Nxe7+ Qxe7 17.Bxe6 Qxe6 18.Qd2 g6 19.h3 d5 20.exd5 Qxd5 21.Rc3 Rxc3 22.Qxc3 Rd8
23.a4 a6 24.Rd1 Rd6 25.Qc5 Qe6 26.b5 axb5 27.axb5 b6 28.Qc7 Rd5 29.Qc6 Qxc6
30.bxc6 Rc5 31.d4 Rxc6 32.d5 Rd6 33.e4 b5 34.Kf2 Kf8 35.Ke3 Ke7 36.g4 Ra6
37.Rb1 Ra3+ 38.Kf2 Ra4 39.Kf3 b4 40.Rc1 Ra7 41.Ke2 Rb7 42.Kd3 b3 43.g5 b2
44.Rb1 Rb4 45.Kc3 Rxe4 46.Rxb2 Kd6 47.Rf2 Kxd5 48.Rxf7 Re3+  0-1

[Event "ch-ARG s/f"]
[Site "Buenos Aires ARG"]
[Date "2006.03.21"]
[Round "1"]
[White "Quarracino,S"]
[Black "Della Morte,P"]
[Result "0-1"]
[WhiteElo "2041"]
[BlackElo "2302"]

1.e4 c5 2.Nc3 Nc6 3.Nge2 Nf6 4.g3 e6 5.Bg2 d5 6.exd5 exd5 7.d4 cxd4 8.Nxd4 Be7
9.Bf4 O-O 10.Qd2 Bc5 11.Nxc6 bxc6 12.O-O a5 13.Na4 Ba7 14.Bg5 h6 15.Bxf6 Qxf6
16.Rad1 Ba6 17.Rfe1 Rfe8 18.Nc3 Re6 19.Bh3 Ree8 20.Rxe8+ Rxe8 21.Re1 Qxf2+  0-1

[Event "Sozina Open"]
[Site "Bar SCG"]
[Date "2006.03.24"]
[Round "7"]
[White "Krivokapic,M"]
[Black "Dinev,De"]
[Result "1-0"]
[WhiteElo "2352"]
[BlackElo "2279"]

1.e4 c5 2.Nf3 Nc6 3.Nc3 e5 4.Bc4 Be7 5.O-O Nf6 6.d3 O-O 7.Bg5 d6 8.a3 Ne8
9.Be3 Nc7 10.Nd5 Kh8 11.b4 Nxd5 12.exd5 Nd4 13.bxc5 Nxf3+ 14.Qxf3 dxc5 15.Qg3 f5
16.f4 e4 17.dxe4 fxe4 18.Qf2 b6 19.Rfd1 Bd6 20.Qd2 Bd7 21.a4 Qc7 22.g3 Rf6
23.Bf1 Bg4 24.Re1 Re8 25.c4 a5 26.Bg2 Rf7 27.Qb2 Qd8 28.Bd2 Rfe7 29.Re3 Kg8
30.Rb1 Bc7 31.Bc3 Qd7 32.Qc2 Bf3 33.Bxf3 exf3 34.Rxe7 Rxe7 35.Qd3 Qh3 36.Qxf3 Bxf4
37.Qxf4 Re2 38.Qb8+ Kf7 39.Rf1+ Kg6 40.Qd6+ Kh5 41.g4+ Kh4 42.Bf6+  1-0

[Event "ch-ARG s/f"]
[Site "Buenos Aires ARG"]
[Date "2006.03.25"]
[Round "5"]
[White "Quarracino,S"]
[Black "Tenti,J"]
[Result "1-0"]
[WhiteElo "2041"]
[BlackElo "2152"]

1.e4 c5 2.Nc3 Nc6 3.Nge2 g6 4.d4 cxd4 5.Nxd4 Bg7 6.Be3 Nf6 7.Nb3 O-O 8.Be2 a5
9.a4 Nb4 10.O-O d5 11.exd5 Nfxd5 12.Nxd5 Qxd5 13.c3 Qxd1 14.Raxd1 Nc6 15.Rd2 Ne5
16.f4 Be6 17.Nc5 Nc4 18.Bxc4 Bxc4 19.Rfd1 Rfc8 20.b3 b6 21.bxc4 bxc5 22.Rd7 Bf6
23.R1d3 e6 24.Kf2 h5 25.Ke2 Rcb8 26.Rc7 Rb2+ 27.Rd2 Rab8 28.Rxc5 Bxc3 29.Rxb2 Rxb2+
30.Kd3 Bf6 31.Rxa5 Rxg2 32.c5 Ra2 33.c6 Ra3+ 34.Ke4 Rc3 35.Rc5  1-0

[Event "ch-ARG s/f"]
[Site "Buenos Aires ARG"]
[Date "2006.03.25"]
[Round "6"]
[White "Barrionuevo,P"]
[Black "Balzano,I"]
[Result "1-0"]
[WhiteElo "2232"]
[BlackElo "2026"]

1.e4 c5 2.Nc3 Nc6 3.Bb5 g6 4.Bxc6 dxc6 5.d3 e5 6.h3 Bg7 7.Be3 Qe7 8.Qd2 h6
9.Nge2 Nf6 10.O-O Be6 11.f4 exf4 12.Nxf4 O-O-O 13.Qf2 Nd7 14.Nxe6 fxe6 15.Qf7 Qxf7
16.Rxf7 Rhg8 17.Raf1 Rdf8 18.Re7 Bd4 19.Nd1 e5 20.c3 Rxf1+ 21.Kxf1 Bxe3 22.Nxe3 Rf8+
23.Ke2 Kd8 24.Rg7 g5 25.Rh7 Rg8 26.Ng4 Nb6 27.Nxh6 Rg6 28.Nf7+  1-0

[Event "TCh-CZE Extraliga 2005-6"]
[Site "Czech Rep CZE"]
[Date "2006.03.25"]
[Round "10"]
[White "Jakubiec,A"]
[Black "Markos,J"]
[Result "1-0"]
[WhiteElo "2485"]
[BlackElo "2493"]

1.e4 c5 2.Nf3 Nc6 3.Nc3 Nf6 4.Bb5 Qc7 5.O-O Nd4 6.Re1 a6 7.Bc4 d6 8.h3 g6
9.a4 Bg7 10.d3 O-O 11.Nxd4 cxd4 12.Nd5 Nxd5 13.exd5 e5 14.dxe6 Bxe6 15.Bxe6 fxe6
16.Bd2 e5 17.c4 Rf5 18.b4 Raf8 19.f3 h5 20.Rb1 Kh7 21.b5 a5 22.b6 Qc6 23.Rb5 Ra8
24.Re4 Ra6 25.Qb3 Bh6 26.Bxh6 Kxh6 27.Qb2 Kh7 28.f4 Rxf4 29.Rxf4 exf4 30.Qxd4 f3
31.Qe4 Qxe4 32.dxe4 fxg2 33.Kxg2 Ra8 34.e5 dxe5 35.Rxe5 Kh6 36.Re7 Rb8 37.h4 Rc8
38.Rc7 Rb8 39.c5 g5 40.c6 bxc6 41.Rxc6+ Kg7 42.hxg5 Rd8 43.Rc5 Rb8 44.Rb5 Rb7
45.Kg3 Kf7 46.Kh4 Kg6 47.Rb1 Kf5 48.Rb2  1-0

[Event "ch-ARG s/f"]
[Site "Buenos Aires ARG"]
[Date "2006.03.26"]
[Round "7"]
[White "Quarracino,S"]
[Black "Demaria,J"]
[Result "1/2-1/2"]
[WhiteElo "2041"]
[BlackElo "2273"]

1.e4 c5 2.Nc3 Nc6 3.Nge2 Nf6 4.d4 cxd4 5.Nxd4 d6 6.Be2 e5 7.Nb3 Be7 8.Be3 O-O
9.O-O a5 10.a4 Be6 11.Nd2 Rc8 12.Nc4 Nd4 13.Bxd4 Bxc4 14.Be3 Be6 15.Bg5 h6
16.Bxf6 Bxf6 17.Bb5 Qb6 18.Qe2 Qc5 19.Rfd1 Bg5 20.Rd3 f5 21.Rad1 Be7 22.R1d2 Qb4
23.exf5 Rxf5 24.Nd5 Bxd5 25.c3 Qh4 26.g3 Qf6 27.Rxd5 Rf8 28.Bd3 e4 29.Bxe4 Re5
30.Rxe5 dxe5 31.Bc2 b6 32.Qe4 Bc5 33.Kg2 Qe6 34.Bd3 Qf6 35.Qh7+ Kf7 36.Bc4+ Ke7
37.Qe4 Qf5 38.Qb7+ Kf6 39.Qc6+ Ke7 40.Qb7+ Kf6 41.Qc6+  1/2-1/2

[Event "TCh-CZE Extraliga 2005-6"]
[Site "Czech Rep CZE"]
[Date "2006.03.26"]
[Round "11"]
[White "Antoniewski,R"]
[Black "Kovalev,An"]
[Result "1/2-1/2"]
[WhiteElo "2497"]
[BlackElo "2538"]

1.e4 c5 2.Nc3 Nc6 3.Nge2 Nd4 4.Nxd4 cxd4 5.Nb5 e5 6.Qh5 d6 7.Bc4 g6 8.Qe2 a6
9.Na3 Bg7 10.c3 Ne7 11.cxd4 exd4 12.O-O O-O 13.d3 d5 14.Bb3 dxe4 15.Qxe4 Nc6
16.Nc4 Be6 17.Bf4 Bd5  1/2-1/2

[Event "22nd Spring Festival Open"]
[Site "Budapest HUN"]
[Date "2006.03.29"]
[Round "7"]
[White "Rozsnyai,Ti"]
[Black "Moriuchi,T"]
[Result "0-1"]
[WhiteElo "2129"]
[BlackElo "2282"]

1.e4 c5 2.Nf3 Nc6 3.Nc3 a6 4.g3 g6 5.Bg2 Bg7 6.d3 d6 7.h3 e6 8.Be3 Nd4 9.O-O Ne7
10.Ne1 O-O 11.Qd2 f5 12.f4 Bd7 13.Nd1 e5 14.c3 Ne6 15.Kh2 Bc6 16.c4 exf4
17.gxf4 b5 18.Nc3 bxc4 19.dxc4 Bxc3 20.Qxc3 fxe4 21.Rd1 Nf5 22.Nc2 Qh4 23.Bc1 Rae8
24.Qe1 Qxe1 25.Rdxe1 Ned4 26.Ne3 Nh4 27.Kg3 Nhf3 28.Bxf3 exf3 29.Nd5 Bxd5
30.cxd5 Re2 31.Rxe2 fxe2 32.Re1 Rf5 33.Be3 Rxd5 34.Bxd4 Rxd4 35.Rxe2 Rd3+
36.Kh4 Kf7 37.Rg2 Kf6 38.Kg4 h5+ 39.Kh4 Rf3 40.Rd2 Rxf4+ 41.Kg3 Ke5 42.Rxd6 h4+  0-1

[Event "VIII Rector Cup"]
[Site "Kharkiv UKR"]
[Date "2006.03.29"]
[Round "2"]
[White "Simonian,H"]
[Black "Aveskulov,V"]
[Result "1/2-1/2"]
[WhiteElo "2280"]
[BlackElo "2504"]

1.e4 c5 2.Nc3 Nc6 3.Bb5 Nd4 4.Bc4 e6 5.Nge2 Nf6 6.O-O a6 7.a4 Nxe4 8.Nxe4 d5
9.Nxd4 cxd4 10.Bd3 dxe4 11.Bxe4 f5 12.Bf3 Bd6 13.d3 Qc7 14.g3 O-O 15.Bd2 Bd7
16.c3 dxc3 17.bxc3 Bc6 18.Bxc6 Qxc6 19.Qb3 Rae8 20.Rfe1 Bb8 21.Rab1 Rf7 22.Qb6 Qd5
23.Qd4  1/2-1/2

[Event "VIII Rector Cup"]
[Site "Kharkiv UKR"]
[Date "2006.03.30"]
[Round "4"]
[White "Simonian,H"]
[Black "Golubev,M"]
[Result "1/2-1/2"]
[WhiteElo "2280"]
[BlackElo "2499"]

1.e4 c5 2.Nc3 Nc6 3.Bb5 Nd4 4.Bc4 e6 5.Nge2 Nf6 6.O-O a6 7.a4 Be7 8.d3 d5
9.exd5 exd5 10.Ba2 Bg4 11.f3 Nxe2+ 12.Qxe2 Be6 13.f4 Qd7 14.Qe5 d4 15.Bxe6 Qxe6
16.Qxe6  1/2-1/2

[Event "VIII Rector Cup"]
[Site "Kharkiv UKR"]
[Date "2006.04.02"]
[Round "8"]
[White "Simonian,H"]
[Black "Gasanov,E"]
[Result "1/2-1/2"]
[WhiteElo "2280"]
[BlackElo "2414"]

1.e4 c5 2.Nc3 Nc6 3.Bb5 d6 4.Bxc6+ bxc6 5.d3 g6 6.Be3 Rb8 7.b3 Nh6 8.h3 f5
9.Qd2 Nf7 10.Nge2 Bg7 11.O-O O-O 12.Rae1 e5 13.exf5 Bxf5 14.f4 exf4 15.Bxf4 Qh4
16.Ng3 Bd4+ 17.Kh2 Ne5 18.Nce4 Bxe4 19.Nxe4 Ng4+ 20.Kh1 Nf2+ 21.Nxf2 Rxf4
22.Ne4 Rxf1+ 23.Rxf1 d5 24.Ng5 Re8 25.Nf3 Qf6 26.Re1 Rf8  1/2-1/2

[Event "ch-VIE"]
[Site "Cao Lanh Dong Thap VIE"]
[Date "2006.04.03"]
[Round "1"]
[White "Tu Hoang Thong"]
[Black "Tran Quoc Dung"]
[Result "1/2-1/2"]
[WhiteElo "2457"]
[BlackElo "2126"]

1.e4 c5 2.Nc3 Nc6 3.Bb5 Nd4 4.Bc4 g6 5.Nf3 Bg7 6.Nxd4 cxd4 7.Qf3 e6 8.Nb5 d6
9.Qa3 Ke7 10.c3 dxc3 11.dxc3 a6 12.Nd4 Qc7 13.Be2 e5 14.Nf3 Nf6 15.Nxe5 Nxe4
16.Nd3 Nxc3 17.Bg5+ f6 18.Bf4 Nxe2 19.Kxe2 Bf5 20.Rac1 Qd7 21.Rhd1 Rac8 22.Kf1 g5
23.Bg3 Rhd8 24.h4 gxh4 25.Bxh4 Qb5 26.Rxc8 Rxc8 27.Kg1 Bxd3 28.Rxd3 Rc1+
29.Kh2 Qe5+ 30.g3 Bh6 31.Qb4 b5 32.Rd4 Qc5 33.Bxf6+ Kxf6 34.Rxd6+ Kg7 35.Qg4+ Kh8
36.Rd8+ Bf8 37.Qf3 Kg8 38.b4 Qe7 39.Qd5+ Kh8 40.Qd4+ Kg8 41.Qd5+ Kh8 42.Qd4+ Kg8
43.Qd5+ Kh8  1/2-1/2

[Event "32nd ch-IND w"]
[Site "Visakhapatnam IND"]
[Date "2006.04.03"]
[Round "1"]
[White "Ramaswamy,A"]
[Black "Harika,D"]
[Result "1/2-1/2"]
[WhiteElo "2239"]
[BlackElo "2358"]

1.e4 c5 2.Nf3 Nc6 3.Nc3 g6 4.d4 cxd4 5.Nxd4 Bg7 6.Be3 Nf6 7.Bc4 O-O 8.Bb3 a5
9.O-O d6 10.f3 Nxd4 11.Bxd4 Bd7 12.a4 Bc6 13.Nd5 Nd7 14.c3 Bxd4+ 15.Qxd4 Bxd5
16.Bxd5 Rb8 17.Bc4 Qb6  1/2-1/2

[Event "Mephisto Schloss Open A"]
[Site "Werther GER"]
[Date "2006.04.06"]
[Round "1"]
[White "Antoniewski,R"]
[Black "Masio,A"]
[Result "1-0"]
[WhiteElo "2497"]
[BlackElo "2177"]

1.e4 c5 2.Nc3 Nc6 3.Nge2 Nf6 4.d4 cxd4 5.Nxd4 e5 6.Ndb5 d6 7.Bg5 a6 8.Na3 b5
9.Nd5 Qa5+ 10.Bd2 Qd8 11.Bd3 Nxd5 12.exd5 Ne7 13.O-O g6 14.c4 Bg7 15.cxb5 O-O
16.Bc4 Nf5 17.Bc3 Bh6 18.Re1 Nh4 19.g3 Nf5 20.Qd3 Ne7 21.bxa6 f5 22.Rxe5 f4
23.Rae1 Nf5 24.Re6 fxg3 25.hxg3 Qg5 26.R6e4 Ng7 27.Qd4 Bd7 28.Nb1 Rf7 29.Bd2 Qh5
30.Be2 Qh3 31.Bf1 Qh5 32.g4 Bxg4 33.Rxg4 Nf5 34.Qb4 Bg7 35.Rg5 Qf3 36.Bg2 Qd3
37.Be4 Qh3 38.Qa3 Qh4 39.Bxf5 gxf5 40.Qg3  1-0

[Event "7th ch-Euro w"]
[Site "Kusadasi TUR"]
[Date "2006.04.07"]
[Round "4"]
[White "Aginian,N"]
[Black "Umudova,N"]
[Result "0-1"]
[WhiteElo "2319"]
[BlackElo "2145"]

1.e4 c5 2.Nf3 Nc6 3.Nc3 Nf6 4.e5 Ng4 5.Qe2 Qc7 6.d4 cxd4 7.Nb5 Qb8 8.Bf4 f6
9.O-O-O fxe5 10.Nfxd4 d6 11.Bg3 g6 12.Nf3 Bh6+ 13.Kb1 O-O 14.h4 Nf6 15.Ng5 a6
16.Nc3 b5 17.Nd5 Nxd5 18.Rxd5 Bxg5 19.hxg5 Bf5 20.Rd2 Qb6 21.Qd1 Rac8 22.Rh4 Nd4
23.Bd3 Bxd3 24.Rxd3 Nxc2 25.Qg4 Nd4 26.Rxd4 Qc7 27.Qe6+ Kg7 28.a3 exd4 29.Rxd4 Qc1+
30.Ka2 Qxg5 31.Qd7 Rfd8 32.Qb7 Qf6 33.Bh4 Qf7+ 34.Kb1 e5 35.Qxf7+ Kxf7 36.Rd3 Rd7
37.Rf3+ Kg7 38.Bg5 h6 39.Bd2 d5 40.Re3 e4 41.Re1 g5 42.Re2 Kg6 43.Ka2 Kf5
44.Kb3 d4 45.Re1 Ke5 46.Rh1 Rc6 47.Rh5 e3 48.fxe3 dxe3 49.Bb4 Rd3+ 50.Ka2 e2
51.Rh1 Rd1 52.Be1 Rcc1  0-1

[Event "XXIX Open"]
[Site "Donostia San Sebastian ESP"]
[Date "2006.04.08"]
[Round "1"]
[White "Hanley,C"]
[Black "Izagirre Alsua,A"]
[Result "1-0"]
[WhiteElo "2418"]
[BlackElo "1716"]

1.e4 c5 2.Nf3 Nc6 3.Nc3 d6 4.d4 cxd4 5.Nxd4 Nf6 6.Bg5 e6 7.Qd2 a6 8.O-O-O Bd7
9.f4 Qc7 10.Be2 O-O-O 11.Bxf6 gxf6 12.Bh5 Be8 13.Nf3 Kb8 14.Kb1 Na7 15.f5 Nb5
16.Nxb5 Bxb5 17.Nd4 Qd7 18.fxe6 fxe6 19.Bg4 Re8 20.Qc3 Rg8 21.Qh3 Rxg4 22.Qxg4 e5
23.Qxd7 Bxd7 24.Ne2 Bg4 25.Rhe1 Bh5 26.Rd3 Be7 27.Nc3 Bf7 28.Rg3 Bg6 29.Nd5 Bd8
30.Rf3 Rf8 31.g4 h6 32.a4 b6 33.b3 Kb7 34.Kb2 Kc6 35.Nb4+ Kb7 36.Rh3 Rh8
37.Nd5 Kc6 38.Kc3 a5 39.Kd3 Rh7 40.Rf1 h5 41.Nxf6 Bxf6 42.Rxf6 hxg4 43.Rxh7 Bxh7
44.c3 Bg8 45.c4 Kd7 46.Rg6 Be6 47.Ke3 Bf7 48.Rxg4 Bh5 49.Rg5 Bd1 50.h4 Bxb3
51.h5 Bxa4 52.h6 Bb3 53.h7  1-0

[Event "7th ch-Euro w"]
[Site "Kusadasi TUR"]
[Date "2006.04.08"]
[Round "5"]
[White "Zdebskaja,N"]
[Black "Muzychuk,A"]
[Result "1-0"]
[WhiteElo "2326"]
[BlackElo "2417"]

1.e4 c5 2.Nf3 Nc6 3.Nc3 Nf6 4.Bb5 Qc7 5.O-O Nd4 6.Re1 a6 7.Bf1 Ng4 8.g3 Nxf3+
9.Qxf3 Ne5 10.Qd1 e6 11.b3 Be7 12.Bb2 O-O 13.f4 Nc6 14.Nd5 exd5 15.exd5 Qd8
16.dxc6 dxc6 17.Qh5 b6 18.Bd3 h6 19.g4 Bf6 20.Re5 Qd7 21.h3 Ra7 22.Rae1 Bxe5
23.Rxe5 f6 24.Re3 c4 25.Bxc4+ Kh7 26.Bd3+ f5 27.gxf5 Qf7 28.f6+ g6 29.Qe5 b5
30.Rg3 Rg8 31.h4 Rd7 32.Be4 Rxd2 33.h5 Bf5 34.Bxf5 gxf5 35.Qxf5+ Kh8 36.Rxg8+ Kxg8
37.Qg4+ Kh7 38.f5 Rd5 39.c4 bxc4 40.bxc4 Rd7 41.Qg6+ Kh8 42.Qxh6+ Kg8 43.Qg5+ Kh8
44.Be5 Rd8 45.Qh6+ Kg8 46.Qg6+ Kf8 47.Qh6+ Ke8 48.Qe3 Kf8 49.Kf2 Rd7 50.h6 Qh5
51.Bd6+ Kg8 52.Qf4 Kh7 53.Kg3 Qxh6 54.Qxh6+ Kxh6 55.Be7  1-0

[Event "XXXVII Open"]
[Site "Mar del Plata ARG"]
[Date "2006.04.09"]
[Round "3"]
[White "Rodriguez,And URU"]
[Black "Aguilar,A"]
[Result "1-0"]
[WhiteElo "2502"]
[BlackElo "2256"]

1.e4 c5 2.Nc3 Nc6 3.Nge2 Nf6 4.d4 cxd4 5.Nxd4 d6 6.Be3 Ng4 7.Bb5 Nxe3 8.fxe3 Bd7
9.O-O e6 10.Bxc6 Bxc6 11.Qf3 Qf6 12.Qe2 Qe5 13.Nxc6 bxc6 14.Qa6 Rd8 15.Qxc6+ Rd7
16.Rxf7 Kxf7 17.Qxd7+ Kg6 18.Rf1  1-0

[Event "Mephisto Schloss Open A"]
[Site "Werther GER"]
[Date "2006.04.09"]
[Round "7"]
[White "Kupreichik,V"]
[Black "Halkias,S"]
[Result "0-1"]
[WhiteElo "2445"]
[BlackElo "2528"]

1.e4 c5 2.Nc3 Nc6 3.Nf3 Nf6 4.Bb5 Qc7 5.O-O Nd4 6.Re1 a6 7.Bf1 d6 8.d3 Bg4
9.Bg5 Bxf3 10.gxf3 e6 11.f4 h6 12.Bh4 Be7 13.Nb1 O-O-O 14.c3 Nc6 15.Bg3 h5
16.h4 d5 17.Nd2 Ng4 18.Qe2 Bd6 19.exd5 exd5 20.Bh3 Kb8 21.Bxg4 hxg4 22.Qxg4 g6
23.Nf3 Ne7 24.d4 c4 25.Ne5 Nf5 26.Rac1 Rh5 27.b3 Rdh8 28.Qf3 Nxh4 29.Qxd5 cxb3
30.axb3 Nf5 31.Qf3 Rh3 32.Kf1 f6 33.Nxg6 R8h6 34.Qd3 Qd7 35.Ne5 fxe5 36.dxe5 Nxg3+
37.fxg3 Rh1+ 38.Ke2 Qg4+ 39.Qf3 R6h2+ 40.Ke3 Bc5+ 41.Ke4 Qg6+ 42.f5 Rxe1+
43.Rxe1 Qc6+ 44.Kf4 Rf2 45.Rf1  0-1

[Event "7th ch-Euro"]
[Site "Kusadasi TUR"]
[Date "2006.04.10"]
[Round "7"]
[White "De Lange,H"]
[Black "Ziska,H"]
[Result "0-1"]
[WhiteElo "1901"]
[BlackElo "2286"]

1.e4 c5 2.Nc3 Nc6 3.Nge2 Nd4 4.Nd5 e6 5.Ne3 Bd6 6.c3 Nxe2 7.Bxe2 Qc7 8.d4 Be7
9.d5 Nf6 10.Bf3 O-O 11.c4 d6 12.O-O e5 13.g3 Bh3 14.Re1 a6 15.a4 b5 16.cxb5 axb5
17.b3 Bd7 18.Bd2 Ra7 19.axb5 Rfa8 20.Rxa7 Rxa7 21.Qc2 Qb8 22.Be2 Bxb5 23.Bc4 Bd7
24.Bc3 Bd8 25.Rb1 Ba5 26.Ba1 Ne8 27.f4 f6 28.fxe5 fxe5 29.Bb2 Nf6 30.Qe2 Nxe4
31.Bd3 Nf6 32.Rf1 Bd8 33.Nc4 Be7 34.Bxe5 dxe5 35.Nxe5 Be8 36.d6 Qxd6 37.Rd1 Ra1
38.Bb1 Qa6 39.Nc4 Bf8 40.Qb2 Bg6 41.Nd2 Qe2 42.Rf1 Rxb1  0-1

[Event "7th ch-Euro w"]
[Site "Kusadasi TUR"]
[Date "2006.04.10"]
[Round "7"]
[White "Zozulia,A"]
[Black "Smokina,K"]
[Result "1-0"]
[WhiteElo "2366"]
[BlackElo "2283"]

1.e4 c5 2.Nf3 Nc6 3.Nc3 e5 4.Bc4 d6 5.d3 Be7 6.O-O Nf6 7.Ng5 O-O 8.f4 Bg4
9.Qd2 exf4 10.Qxf4 Nd4 11.Rf2 h6 12.Nxf7 Rxf7 13.Bxf7+ Kxf7 14.Qxg4 Nxc2
15.Rb1 Nb4 16.Qg3 Qd7 17.a3 Nc6 18.Nd5 Rf8 19.Bxh6 gxh6 20.Nxf6 Bxf6 21.Rxf6+ Kxf6
22.Rf1+  1-0

[Event "ch-DEN"]
[Site "Aalborg DEN"]
[Date "2006.04.12"]
[Round "5"]
[White "Aagaard,J"]
[Black "Bekker Jensen,S"]
[Result "1-0"]
[WhiteElo "2447"]
[BlackElo "2393"]

1.e4 c5 2.Nc3 Nc6 3.Nf3 e5 4.Bc4 Be7 5.d3 Nf6 6.O-O O-O 7.Ng5 h6 8.f4 d6
9.Nf3 exf4 10.Bxf4 Be6 11.Nd5 Bxd5 12.Bxd5 Nxd5 13.exd5 Ne5 14.Bxe5 dxe5
15.c4 Bd6 16.g4 f5 17.gxf5 Rxf5 18.Qe2 Rf4 19.Nd2 Qg5+ 20.Kh1 Raf8 21.Ne4 Qe7
22.Rg1 Kh7 23.Rg3 Rh4 24.Rag1 g5 25.Qg2 Rf5 26.Rh3 Rxh3 27.Qxh3 Kg6 28.Ng3 Rf2
29.Qh5+ Kh7 30.Ne4 Rf5 31.h4 Qf8 32.hxg5 Be7 33.Qxh6+ Qxh6+ 34.gxh6 Bf8 35.d6 Rh5+
36.Kg2 Rxh6 37.d7 Be7 38.Rh1 Rxh1 39.Kxh1 b6 40.Nd6 Kg6 41.Kg2 Kf6 42.Nb7  1-0

[Event "7th ch-Euro w"]
[Site "Kusadasi TUR"]
[Date "2006.04.12"]
[Round "8"]
[White "Makropoulou,M"]
[Black "Pogonina,N"]
[Result "0-1"]
[WhiteElo "2284"]
[BlackElo "2409"]

1.e4 c5 2.Nc3 Nc6 3.Bb5 Nd4 4.Bc4 e6 5.Nf3 a6 6.Nxd4 cxd4 7.Ne2 Nf6 8.d3 Bc5
9.O-O d5 10.exd5 Nxd5 11.Nf4 Nxf4 12.Bxf4 O-O 13.Qf3 Bd6 14.Rfe1 Bxf4 15.Qxf4 b5
16.Bb3 Bb7 17.Re5 Qd6 18.Rae1 a5 19.a3 a4 20.Ba2 b4 21.Bc4 bxa3 22.bxa3 Ba6
23.Qe4 Bxc4 24.dxc4 Qxa3 25.Qxd4 Rfd8 26.Qe4 Qc3 27.Rh5 h6 28.Rh3 Qb2 29.g4 a3
30.Rb3 Qd4 31.Qxd4 Rxd4 32.h3 Rxc4 33.Ra1 a2 34.Rb2 Rca4 35.c4 Rxc4 36.Raxa2 Rxa2
37.Rxa2 h5 38.f3 Kh7 39.Ra5 hxg4 40.hxg4 Rc2 41.Rb5 Kg6 42.Rb7 f6 43.Re7 Rc6
44.Kf2 Kh6 45.Kg3 g6 46.Rf7 e5 47.Kh4 Ra6 48.Re7 Ra3 49.Kg3 Kg5 50.Re8 Ra2
51.Rb8 Re2 52.Rb4 Re3 53.Kf2 Ra3 54.Kg3 f5 55.gxf5 gxf5 56.Kg2 Ra2+ 57.Kh3 Rd2
58.Ra4 Rd4 59.Ra2 Kf4 60.Kg2 Ke3 61.Ra5 Kf4 62.Ra2 Rd3 63.Ra4+ Ke3 64.Ra5 Rd2+
65.Kg3 f4+ 66.Kg4 Rg2+ 67.Kh3 Rg3+ 68.Kh2 Kxf3 69.Rxe5 Rg2+ 70.Kh1 Ra2 71.Rb5 Kf2
72.Kh2 f3 73.Rb1 Re2 74.Ra1 Re1 75.Ra2+ Ke3 76.Ra3+ Kf4 77.Ra4+ Re4 78.Ra8 Re1
79.Ra4+ Ke3 80.Ra3+ Kf2 81.Ra2+ Re2 82.Ra1 Ke3+ 83.Kg3 Rg2+ 84.Kh3 Rd2 85.Kg3 Ke2
86.Ra8 f2 87.Re8+ Kf1 88.Ra8 Kg1  0-1

[Event "Open NOR-ch"]
[Site "Oslo NOR"]
[Date "2006.04.12"]
[Round "5"]
[White "Jorgensen,L"]
[Black "Bue,G"]
[Result "1/2-1/2"]
[WhiteElo "1869"]
[BlackElo "1856"]

1.e4 c5 2.Nc3 Nc6 3.Nf3 e6 4.Be2 d6 5.O-O a6 6.d4 cxd4 7.Nxd4 Nge7 8.Kh1 Nxd4
9.Qxd4 Nc6 10.Qd1 Be7 11.Be3 O-O 12.f4 b5 13.Bf3 Bb7 14.Rb1 Rc8 15.Qd2 Qc7
16.Qf2 Qb8 17.a3 Na5 18.f5 Nc4 19.Bc1 Nxa3 20.bxa3 Rxc3 21.Bb2 Rc4 22.Rbe1 e5
23.Re2 Qc7 24.c3  1/2-1/2

[Event "10th Neckar Open A"]
[Site "Deizisau GER"]
[Date "2006.04.13"]
[Round "1"]
[White "Berelovich,A"]
[Black "Schleich,Mar"]
[Result "1/2-1/2"]
[WhiteElo "2571"]
[BlackElo "2172"]

1.e4 c5 2.Nf3 Nc6 3.Nc3 Nf6 4.Bb5 Qc7 5.O-O Nd4 6.Nxd4 cxd4 7.Nd5 Nxd5 8.exd5 Qc5
9.c4 a6 10.b4 Qxb4 11.Ba4 b5 12.cxb5 axb5 13.Bb3 e6 14.Qg4 d3 15.Qf3 Bb7
16.Qxd3 Be7 17.Bb2 O-O 18.Qg3 g6 19.Rae1 Bd6 20.Qh3 Bxd5 21.Bxd5 exd5 22.Bc3 Qc4
23.Qxd7 d4 24.Qxd6 dxc3 25.dxc3 Qxc3 26.Re3 Qb2 27.a3 Rfe8 28.Rf3 Qe5 29.Qb4 Qd5
30.h3 Ra4 31.Qb2 Rae4 32.Qc3 Qc4 33.Rc1 Qxc3 34.Rcxc3 R8e7 35.Rb3 Rb7 36.Rfe3 Ra4
37.Rb4 Ra5 38.Kf1 Rc7 39.Ke2 Rc2+ 40.Kf3 Kg7 41.h4 h5 42.g3 Ra2 43.Rbb3 Ra6
44.Kg2 Rf6 45.Rf3 Rxf3 46.Kxf3 Kf6 47.Ke3 Ke6 48.f3 Kd6 49.Kf4 f6 50.g4 hxg4
51.fxg4 Rf2+ 52.Kg3 Rc2 53.h5 gxh5 54.gxh5 Ke6 55.h6 Kf7 56.Rxb5  1/2-1/2

[Event "7th ch-Euro w"]
[Site "Kusadasi TUR"]
[Date "2006.04.13"]
[Round "9"]
[White "Shukurova,M"]
[Black "Tsiganova,M"]
[Result "1-0"]
[WhiteElo "2207"]
[BlackElo "2282"]

1.e4 c5 2.Nc3 Nc6 3.Nf3 e5 4.Bc4 d6 5.d3 h6 6.Be3 Nf6 7.h3 Be7 8.Qd2 a6 9.a4 Nd4
10.Nh2 Be6 11.O-O O-O 12.Bxe6 fxe6 13.Ne2 Nh5 14.Rab1 Qe8 15.c3 Nb3 16.Qd1 c4
17.dxc4 Nc5 18.Bxc5 dxc5 19.Ng4 Rd8 20.Qc2 Nf4 21.Nxf4 exf4 22.f3 Bh4 23.Rfd1 Qg6
24.Rxd8 Rxd8 25.Rd1 Rxd1+ 26.Qxd1 h5 27.Ne5 Qg3 28.Qd2 Bf6 29.Nd3 g5 30.Nxc5 g4
31.hxg4 Qh4 32.gxh5 Qg5 33.Nxe6 Qxh5 34.Nxf4  1-0

[Event "7th ch-Euro"]
[Site "Kusadasi TUR"]
[Date "2006.04.13"]
[Round "9"]
[White "Shanava,K"]
[Black "Kotronias,V"]
[Result "0-1"]
[WhiteElo "2490"]
[BlackElo "2622"]

1.e4 c5 2.Nf3 Nc6 3.Nc3 d6 4.d4 cxd4 5.Nxd4 Nf6 6.Bc4 Qb6 7.Nb3 e6 8.Be3 Qc7
9.Bd3 Be7 10.f4 a6 11.Qf3 O-O 12.O-O b5 13.Kh1 Bb7 14.Qh3 Nb4 15.Nd4 Rfe8
16.Rf3 Nxd3 17.cxd3 Bf8 18.Raf1 b4 19.Nce2 Qd8 20.Rg3 Rc8 21.Nf3 g6 22.Ng5 Bg7
23.Bd4 Rc2 24.Ng1 h5 25.Nxe6 Rxe6 26.f5 Rxe4 27.dxe4 Nxe4 28.Rgf3 Bxd4 29.fxg6 Qg5
30.Rxf7 Qxg2+  0-1

[Event "LII Nacional Abierto"]
[Site "Mexico City MEX"]
[Date "2006.04.13"]
[Round "3"]
[White "Gongora Montes,B"]
[Black "Leon Hoyos,M"]
[Result "0-1"]
[WhiteElo "2251"]
[BlackElo "2428"]

1.e4 c5 2.Nf3 Nc6 3.Nc3 g6 4.h4 h5 5.Bb5 Bg7 6.Bxc6 dxc6 7.b3 Nf6 8.Qe2 Bg4
9.Bb2 Nd7 10.Qe3 e5 11.Ne2 Qe7 12.Nfg1 Nf8 13.f3 Bd7 14.Nc1 Ne6 15.Nd3 Nf4
16.Kf1 Nxd3 17.Qxd3 O-O-O 18.Qc3 Be6 19.a4 f5 20.d3 fxe4 21.dxe4 c4 22.Ba3 Qd7
23.Ne2 Qd2 24.Bb4 Qxc3 25.Bxc3 cxb3 26.cxb3 Bxb3 27.Kf2 Rd7 28.Rhb1 Bc4 29.Rc1 Ba6
30.g3 Rf7 31.Bd2 Bd3  0-1